NARNIA Books in 45 Seconds - Statistics

General Stats
  • This quiz has been taken 31 times
  • The average score is 6 of 7
Answer Stats
Answer % Correct
The Lion, the Witch and the Wardrobe
92%
Prince Caspian
88%
The Magician's Nephew
88%
The Silver Chair
88%
The Horse and His Boy
81%
The Last Battle
81%
The Voyage of the Dawn Treader
77%
No matching quizzes found
Score Distribution
Percent of People with Each Score
Percentile by Number Answered
Your Score History
You have not taken this quiz